00788nam a22002177a 450000500170000001000150001702000270003203500140005903700130007308200110008610000230009724500860012025000060020626000320021227000820024430000240032670000350035094200250038599900190041095201410042920231218164926.0 aENG-138597 a9789389740394c1195.00 aEN-122129 bDBAD/PUB a40021 aDinakar, P 959921 aLearning Languages at Elementary Level/bBy P. Dinakar and Edited By R.V Anuradha a1 aNew DelhibNeelkamal c2019 bNew Delhia4764/1,23, Ansari Road,Daryaganje110002k011-23244237k9811828953 axv,256p.b24cm(hbk) a Anuradha, R.V eEditor959922 2ddccENh400mDINe1 c199689d199689 001040708NFICaLbLd2023-12-18eDBADg1195.00l2m1o400 DINpEN-122129r2026-04-23 10:21:18s2026-04-18t1v1195.00w2023-12-18yEN